000 01224nam a2200253Ia 4500
999 _c36486
_d36486
001 2404
003 GE_BSU
005 20230209122216.0
008 181216s2005||||ge |||||||||||||| ||geo||
020 _a9287155941
040 _cGE_BSU
041 _ageo
080 _a34(4) ბ–49
100 _aბენუა–რომერი, ფლორანს
_94801
245 _aევროპის საბჭოს სამართალი :
_b ერთიანინ პანევროპული სამართლებრივი სივრცისაკენ /
_cფლორანს ბენუ-რომერი, ჰაინრიხ კლებესი.
264 _aთბილისი :
_bევროპის საბჭოს გამ-ბა,
_c2005.
300 _a331გვ.;
_b23სმ.
501 _aანბ. საძ.: გვ. 325-330.
504 _aბიბლიოგრ. ტექსტ. შენიშვნ. და გვ. 323-324.
653 _aევროპის საბჭო
653 _aსამართალი ევროპაში
700 _aკლებესი, ჰაინრიხ
_eავტორი
_94802
942 _cBK
_2udc